Centroamérica: ¿gobernabilidad o consolidación democrática? /
שמור ב:
| מחבר ראשי: | |
|---|---|
| פורמט: | Texto |
| נושאים: | |
| תגים: |
הוספת תג
אין תגיות, היה/י הראשונ/ה לתייג את הרשומה!
|
MARC
| LEADER | 00000 a a2200000 04500 | ||
|---|---|---|---|
| 001 | 7440 | ||
| 003 | |||
| 040 | |||
| 100 | |a Rojas Bolaños, Manuel | ||
| 245 | |a Centroamérica: |b ¿gobernabilidad o consolidación democrática? / |c Manuel Rojas Bolaños | ||
| 650 | |a GOBERNABILIDAD | ||
| 650 | |a DEMOCRACIA | ||
| 650 | |a GOBIERNO | ||
| 650 | |a CULTURA | ||
| 650 | |a ESTADO | ||
| 650 | |a POLITICA | ||
| 773 | |g número 3; páginas 34-39 | ||
| 999 | |c 36856 |d 36856 | ||
